[Event "World Cup"]
[Site "Khanty-Mansiysk"]
[Date "2009.11.25"]
[Round "2.2"]
[White "Jobava, Baadur"]
[Black "Iturrizaga Bonelli, Eduardo"]
[Result "1-0"]
[WhiteElo "2696"]
[BlackElo "2605"]
[Annotator "Ftacnik,L"]
[PlyCount "59"]
[EventDate "2009.11.21"]
[EventType "k.o."]
[EventRounds "7"]
[EventCountry "RUS"]
[SourceTitle "CBM 134"]
[Source "ChessBase"]
[SourceDate "2010.01.18"]
[SourceVersion "1"]
[SourceVersionDate "2010.01.18"]
[SourceQuality "1"]

1. d4 Nf6 2. Nf3 e6 3. c4 b6 4. a3 Ba6 5. Qc2 Bb7 6. Nc3 c5 7. e4 cxd4 8. Nxd4
Nc6 9. Nxc6 Bxc6 10. Bf4 Nh5 11. Bd2 {With this clever move Jobava avoids the
situation when Black can try to exchange the bishops with the help of the move
Bc5.} (11. Be3) 11... Qc7 {Black has tried an array of different moves. The
natural square for the queen on c7 can have its drawbacks.} (11... Qb8 {
The queen is taking control of the b8-h2 diagonal in a careful way, it might
be the main defensive idea.} 12. g3 f5 (12... Bc5 13. Be2 (13. f4 $6 Nf6 14.
Bg2 (14. Bd3 Ng4 15. Nd1 f5 $15) 14... O-O (14... Ng4 $6 15. Bf3 h5 16. h3 $14)
15. Qd3 $1 (15. O-O-O $2 Rc8 16. Kb1 a6 $15 {->}) 15... d5 $5 (15... e5 16. Rf1
$14) (15... Rd8 16. b4 Bf8 17. O-O d6 $10) (15... a5 $1 16. Be3 d6 17. O-O Rd8
$10) 16. cxd5 exd5 17. e5 (17. exd5 $1 Re8+ (17... Qe8+ 18. Kf1 (18. Qe2 $2 Bb7
$10) 18... Rd8 19. Rd1 a5 (19... Ng4 $2 20. Re1 Qd7 21. b4 $18) 20. Bf3 Rd6 21.
f5 $16) 18. Kf1 Qd8 19. b4 Be7 $14) 17... Ne4 18. Nxe4 $2 (18. Rf1 $1 Rd8 19.
Nxd5 Rxd5 20. Qxe4 Rxe5 21. Qxe5 Bxg2 $10) 18... dxe4 19. Bxe4 Rd8 $2 (19...
Qb7 20. Bxc6 Qxc6 21. Rf1 Rad8 22. Qe2 Rd7 23. Bc3 Rfd8 24. Rf3 a5 $36) 20. Qf3
$1 Bxe4 21. Qxe4 Qc8 (21... Bf2+ 22. Ke2 $16) 22. Bc3 a5 23. Rd1 Qg4 24. Rd3
$16 {1/2-1/2 Gabriel,C (2475)-Dautov,R (2620)/Altensteig 1995/ (48)}) (13. Bd3)
13... Nf6 14. f3 $5 O-O 15. O-O-O $14) 13. Bg2 (13. Bd3 Bd6 14. O-O-O (14. f4
$1 Nf6 (14... e5 $6 15. fxe5 Bxe5 16. Rf1 f4 17. Be2 fxg3 18. Bxh5+ g6 19. Bg4
gxh2 20. O-O-O $18) 15. O-O-O {/\e5} Ng4 (15... fxe4 16. Nxe4 Nxe4 17. Bxe4
Bxe4 18. Qxe4 O-O 19. Bc3 Rd8 20. f5 $16) 16. Rhe1 Nf2 17. exf5 Nxd1 18. Kxd1
$16) 14... f4 15. Rhe1 Be5 16. Nd5 O-O 17. Bb4 Rf7 18. Ne7+ Kh8 19. Nxc6 dxc6
$13 {Polugaevsky-Arnason/Reykjavik/1987 (20)}) 13... Bd6 14. f4 $1 Nf6 15.
O-O-O O-O (15... Qb7 $5 16. Rhe1 O-O 17. Bh1 fxe4 18. Nxe4 Nxe4 19. Bxe4 Bxe4
20. Qxe4 Qxe4 21. Rxe4 Rfd8 22. Bc3 Bc5 23. b4 Bf8 24. Red4 d6 25. Kb2 $14) 16.
Be3 (16. Rhe1 $5 Rc8 17. Bh1 fxe4 18. Nxe4 Nxe4 19. Bxe4 Bxe4 20. Rxe4 b5 $132)
16... fxe4 17. Nxe4 Nxe4 18. Bxe4 Bxe4 19. Qxe4 Qc7 20. Rd2 Rfd8 21. Rhd1 Bf8
$10 {1/2-1/2 Topalov,V (2640)-Kamsky,G (2695)/Las Palmas 1994/ (34)}) (11...
Bc5 $5 12. Be2 Qh4 (12... Nf6 $2 13. e5 Ng8 14. Ne4 $16) 13. g3 Qh3 14. Bf1 Qg4
15. Bg2 $14) (11... Qf6 12. O-O-O Bc5 13. f3 O-O 14. g3 Rfc8 15. Be2 g6 16. f4
d6 17. Rdf1 b5 18. cxb5 Bb7 19. Kb1 Qd4 20. Bf3 Nf6 21. f5 gxf5 22. exf5 Bxf3
23. Rxf3 {1-0 Cmilyte,V (2430)-Chiburdanidze,M (2502)/Elista 2004 (42)}) (11...
Bd6 12. Qd1 Nf6 13. Bd3 Qb8 14. Qe2 Be5 15. Rf1 Qb7 16. g3 O-O 17. f3 d5 18.
O-O-O dxc4 19. Bxc4 b5 20. Bd3 b4 21. axb4 Qxb4 22. Be1 Rab8 $19 {0-1
Misanovic,V (2395)-Chiburdanidze,M (2525)/Elista 1998 (57)}) 12. Nd5 $5 Qb7 (
12... exd5 13. cxd5 Bc5 14. dxc6 dxc6 15. Rc1 Nf6 16. f3 $16) (12... Qb8 13.
Be2 Nf6 14. Nxf6+ gxf6 15. O-O-O $14) 13. Bd3 Bd6 (13... Nf6 14. Bc3 exd5 15.
exd5 O-O-O (15... Nxd5 16. cxd5 Bxd5 17. O-O-O Be7 18. Rhe1 Kf8 19. Qe2 $16)
16. O-O-O Bc5 17. dxc6 dxc6 18. Rhe1 $16) 14. O-O Qb8 15. g3 exd5 $5 {[%mdl
544] The plan adopted by White is generous, but very logical at the same time.
The sacrifice of the knight on d5 can only be accepted at the cost of a
distinct risk, since the defender's pieces will remain quite passive.} (15...
Bb7 16. Nc3 Bc5 17. Ne2 O-O 18. b4 $14) 16. exd5 Bb7 17. Rfe1+ Kd8 $2 {In
analogy with the Sicilian Defence the king begins its retreat towards the
queenside. In fact the only sensible solution have been to try the defence
with the king hidden on the g8-square.} (17... Be7 $2 18. d6 Qxd6 19. Bb4 $18)
(17... Kf8 $5 18. Bc3 Qc7 19. b4 Kg8 20. Rac1 Bf8 $13) 18. Bc3 Nf6 (18... Kc8
19. b4 Qc7 20. Rac1 Kb8 21. Bd4 f6 22. c5 Be5 23. Bxe5 fxe5 24. c6 $16) 19. b4
Qc7 (19... Re8 20. Rxe8+ Kxe8 21. c5 bxc5 22. bxc5 Nxd5 23. Bxg7 $16) 20. Qb2
$1 {White's strategy is disarmingly clear and efficient. Black's pieces are
locked in by his opponent's pawn chain and are not able mount any real
resistance.} Kc8 (20... Be7 21. Rxe7 $1 Kxe7 22. Bxf6+ gxf6 23. Re1+ Kf8 24.
Qxf6 Rg8 (24... Kg8 25. Qg5+ Kf8 26. Qh6+ Kg8 27. Re4 $18) 25. Qe7+ Kg7 26. Re5
$18) (20... Ne8 21. Bxg7 Nxg7 22. Qxg7 Rf8 23. Rac1 Rb8 24. Qf6+ Kc8 25. c5
bxc5 26. bxc5 Bxc5 27. d6 $18) 21. Bxf6 gxf6 22. Qxf6 Rd8 23. Rac1 Bf8 (23...
a5 24. c5 bxc5 25. bxc5 Bxc5 26. d6 Qc6 27. Be4 Qb6 28. Qf5 Kb8 29. Rxc5 Re8
30. Rb5 Rxe4 31. Reb1 Re1+ 32. Rxe1 Qc6 33. f3 $18) 24. c5 $1 {Iturrizaga is
not prepared for the opening of the queenside, the fight is over even before
it really began.} bxc5 25. bxc5 a5 (25... Bxc5 26. d6 Qc6 27. Be4 Qb6 28. Qf5
$18) 26. c6 $1 dxc6 27. dxc6 Ba6 (27... Rxd3 28. cxb7+ Kxb7 29. Rxc7+ Kxc7 30.
Rc1+ $18) 28. Bf5+ {White is now spoiled for choice between the attacking
solution or the very safe technical way.} (28. Qf5+ Kb8 29. Rb1+ Ka7 (29... Bb4
30. Be4 $18) 30. Bxa6 Kxa6 31. Qb5+ Ka7 32. Re5 $18) 28... Kb8 29. Qxd8+ $1
Qxd8 30. c7+ (30. c7+ Qxc7 31. Re8+ Bc8 (31... Ka7 32. Rxc7+ Bb7 33. Rxb7+ Kxb7
34. Be4+ $18) 32. Rxc7 Kxc7 33. Rxf8 f6 34. Bxc8 Rxc8 35. Rxc8+ Kxc8 36. Kg2
$18 {The pawn endgame is completely hopeless for the defender.}) 1-0

[Event "FIDE-Wch"]
[Site "NED/INA"]
[Date "1993.??.??"]
[Round "19"]
[White "Timman, Jan H"]
[Black "Karpov, Anatoly"]
[Result "1/2-1/2"]
[WhiteElo "2620"]
[BlackElo "2760"]
[Annotator "Ftacnik,L"]
[PlyCount "85"]
[EventDate "1993.09.??"]
[EventType "match"]
[EventRounds "21"]
[EventCountry "NED"]
[SourceTitle "CBM 036"]
[Source "ChessBase"]
[SourceDate "1993.10.01"]
[SourceVersion "1"]
[SourceVersionDate "1993.10.01"]
[SourceQuality "1"]

1. c4 Nf6 2. d4 e6 3. Nf3 b6 4. a3 Bb7 5. Nc3 d5 6. cxd5 Nxd5 7. Qc2 Nxc3 8.
bxc3 Nd7 9. e4 c5 10. Bf4 cxd4 11. cxd4 Rc8 12. Qb3 $5 Be7 (12... Bxe4 13. Ba6
$44) (12... Qf6 13. Bg3 Qg6 14. Bd3 Be7 15. O-O O-O 16. Rfe1 Rfd8 17. Rad1 Qh5
18. Bc4 Bf8 19. d5 Nc5 20. Qa2 b5 21. Bxb5 Nxe4 22. Rxe4 Rxd5 23. Rxd5 Bxd5 24.
Rc4 $17 {Van der Sterren,P-Van der Wiel,J/Wijk/1986/0-1 (31)}) 13. Bd3 Nf6 14.
Qb5+ (14. Bb5+ Kf8 15. O-O (15. e5 Nd5 $13) 15... Nxe4 16. Rac1 g5 17. Rxc8
Bxc8 18. Bc1 Kg7 19. Bc6 Nd6 20. Bb2 Bf6 21. Nxg5 Bxg5 22. d5+ Kg6 23. Qd3+ f5
24. dxe6 $13 {Khalifman,A-Anand,V/Moscow-B/1987/0-1 (76)}) (14. d5 $5 exd5 15.
Rd1 O-O 16. O-O dxe4 $5 17. Bxe4 Nxe4 18. Rxd8 Rfxd8 19. Re1 Nc5 20. Qa2 Bxf3
$1 21. gxf3 Bf8 22. Be3 Rd3 23. Rc1 Rcd8 24. Rc4 $15 {Miles,A-Polugaevsky,L/
Sarajevo/1987/0-1 (78)}) 14... Qd7 15. Ne5 (15. Qb1 O-O 16. Bd2 h6 17. O-O Qa4
18. Bb4 Rfe8 19. Rd1 Ba6 20. Bxa6 Qxa6 21. d5 exd5 22. exd5 Qb7 23. d6 Bf8 24.
Qb3 $13 {Farago,I-Levitt,J/Hastings Masters/1990/0-1 (33)}) 15... Qxb5 16.
Bxb5+ Kf8 17. f3 Ne8 (17... Nh5 $2 18. Bd2 g5 19. h4 $1 $16 {Miles,A-Granda
Zuniga,J/Wijk aan Zee/1989/1-0 (34)}) 18. Bd7 $5 (18. Nd7+ Kg8 19. O-O g5 20.
Bg3 (20. Be5 $6 f6 21. Bg3 Kf7 22. f4 $5 Nd6 23. fxg5 $2 Nxb5 24. gxf6 $13 {
Browne,W-Miles,A/New York op/1987/0-1 (40)}) 20... Kg7 21. a4 Nd6 $1 (21... Rd8
$2 22. Rfc1 a6 23. Be5+ f6 24. Nxf6 $16 {Lputian,S-Olafsson,H/Erevan/1988/1-0 
(45)}) 22. Be5+ f6 23. Bxd6 Bxd6 24. a5 $13 {Rashkovsky,N-Chernin,A/Beograd/
1988/0-1 (41)}) 18... Rd8 19. Bc6 Bc8 $1 (19... Bxc6 20. Nxc6 Rd7 21. Ke2 $14)
20. Be3 f6 21. Nd3 (21. Nc4 Ba6 22. Nd2 Nc7 $10) 21... Bd7 $1 22. Bxd7 Rxd7 23.
Ke2 Kf7 24. Rhc1 (24. a4 Nd6 25. a5 Nc4 $132) 24... Nd6 25. a4 (25. Nf4 {/\ d5}
g5 $10) 25... Rc8 26. Rxc8 Nxc8 27. Rc1 (27. a5 b5 28. Nc5 Bxc5 29. dxc5 Ne7 {
/\ Nc6}) 27... Nd6 28. g4 (28. e5 $6 Nf5) 28... Nb7 29. f4 Na5 30. f5 exf5 31.
gxf5 Nb3 32. Rc4 g6 $1 33. fxg6+ hxg6 34. h4 {xh4} (34. h3 $5) 34... Bd6 35. e5
Rc7 $1 36. Rxc7+ Bxc7 37. Kf3 fxe5 38. dxe5 Nc5 $1 (38... Ke6 39. Ke4 $16) 39.
Nxc5 bxc5 40. Bxc5 Ke6 41. Bxa7 Kxe5 42. Be3 Kd5 43. Kg4 (43. Kg4 Bd8 44. Bg5
Bb6 {/\ Bf2}) 1/2-1/2

[Event "Corus"]
[Site "Wijk aan Zee"]
[Date "2003.01.11"]
[Round "1"]
[White "Krasenkow, Michal"]
[Black "Karpov, Anatoly"]
[Result "0-1"]
[WhiteElo "2633"]
[BlackElo "2688"]
[Annotator "Ftacnik,L"]
[PlyCount "58"]
[EventDate "2003.01.11"]
[EventType "tourn"]
[EventRounds "13"]
[EventCountry "NED"]
[EventCategory "18"]
[SourceTitle "CBM 093"]
[Source "ChessBase"]
[SourceDate "2003.04.01"]
[SourceVersion "1"]
[SourceVersionDate "2003.04.01"]
[SourceQuality "1"]

1. Nf3 Nf6 2. d4 e6 3. c4 b6 4. Nc3 Bb7 5. a3 d5 6. cxd5 Nxd5 7. Qc2 Nxc3 8.
bxc3 Nd7 9. e4 c5 10. Bf4 Be7 11. d5 exd5 12. exd5 O-O 13. Rd1 Re8 14. Be2 c4
$5 15. O-O (15. d6 Bf6 16. O-O b5 $11) (15. Bxc4 Bg5+ 16. Be3 Bxe3 17. fxe3
Rxe3+ 18. Be2 (18. Kf2 Rxf3+ 19. gxf3 Qh4+ 20. Kg2 Qxc4 $19) 18... Qc7 $17)
15... Bxa3 {Karpov is choosing very risky ccontinuation, convenient equality
was promissed by the move 15...b5!?} (15... b5 $5 16. a4 a6 $11) 16. Bxc4 Qf6 (
16... Nf6 17. Bb5 $14) 17. Ng5 (17. Bg3 Bd6 18. Bb5 $14) 17... Nf8 (17... Qxf4
18. Qxh7+ Kf8 19. Qh8+ Ke7 20. Rfe1+ Kd6 (20... Ne5 21. Qxg7 Bd6 22. Nxf7 Rg8
23. Rxe5+ Qxe5 24. Qxe5+ Bxe5 25. Nxe5 $18) 21. Rxe8 Rxe8 22. Qxe8 Qxg5 23. Bb5
Qg4 24. f3 Qf5 25. Rd3 $16) 18. g3 (18. Bd2 Bd6 $11) 18... h6 19. Ne4 (19. Nh3
$2 Bc8 20. Kg2 Ng6 $17) 19... Qf5 20. f3 Ng6 21. Bc7 (21. Be3 Ne5 22. Be2 Bf8
$11) 21... Rac8 22. Bb5 (22. d6 Ne5 23. Be2 (23. Bb5 Nxf3+ 24. Rxf3 Qxf3 25. d7
Bxe4 $19) 23... Bc5+ 24. Kh1 a6 $15) 22... Rxc7 23. Bxe8 Bxd5 24. Nf6+ $6 {
Krasenkow is trying unfortunate idea of exchanging maximum number of pieces,
but despite extra exchange it might not be the best concept.} (24. Ba4 Bc4 25.
Rf2 b5 26. Bb3 Be7 $11) 24... Qxf6 25. Rxd5 Rxc3 26. Qe4 $2 {[%mdl 64] The
idea of centralization is fine, but the realization much less so. This
extremely unfortunate move is leading into the immediate catastrophy.} (26. Qf5
$5 Qxf5 27. Rxf5 Rc7 28. Rd1 Kf8 29. Bb5 Ke7 $15) (26. Qd1 Ne5 27. Bb5 Rxf3 28.
Rxf3 Nxf3+ 29. Kg2 Ne5 $17) 26... Bc5+ 27. Kg2 (27. Rxc5 Rxc5 28. Qa8 Qc3 $19)
27... Re3 28. Qa4 Re2+ 29. Kh1 (29. Kh3 Qe6+ 30. g4 Qxd5 $19) 29... Re1 $1 (
29... Re1 30. Kg2 (30. Rxe1 Qxf3#) 30... Rxf1 31. Kxf1 Qxf3+ 32. Ke1 Qxd5 $19)
0-1

[Event "Corus"]
[Site "Wijk aan Zee"]
[Date "2003.01.15"]
[Round "4"]
[White "Karpov, Anatoly"]
[Black "Polgar, Judit"]
[Result "0-1"]
[WhiteElo "2688"]
[BlackElo "2700"]
[Annotator "Ftacnik,L"]
[PlyCount "66"]
[EventDate "2003.01.11"]
[EventType "tourn"]
[EventRounds "13"]
[EventCountry "NED"]
[EventCategory "18"]
[SourceTitle "CBM 093"]
[Source "ChessBase"]
[SourceDate "2003.04.01"]
[SourceVersion "1"]
[SourceVersionDate "2003.04.01"]
[SourceQuality "1"]

1. d4 Nf6 2. Nf3 e6 3. c4 b6 4. a3 Bb7 5. Nc3 d5 6. cxd5 Nxd5 7. Qc2 Nxc3 8.
Qxc3 h6 9. e3 Nd7 10. b4 Be7 11. Bb2 O-O 12. Rd1 a5 {Polgar is looking for the
compensation, that would balance the dangerous battery along the a1-h8
diagonal.} 13. b5 (13. bxa5 Rxa5 14. Rc1 c5 $15) (13. Be2 axb4 14. axb4 Nf6 15.
b5 Nd5 16. Qc4 Bb4+ 17. Kf1 Bd6 $15) 13... Rc8 14. Qb3 (14. Be2 c6 15. bxc6
Bxc6 16. Qd3 $11) 14... c6 15. bxc6 Bxc6 16. Bb5 $2 (16. Be2 Bd5 17. Qb5 $11)
16... Bb4+ (16... Bd5 17. Qd3 Nf6 18. O-O Be4 19. Qe2 Rc2 20. Rd2 Bxf3 21. gxf3
Rxd2 22. Qxd2 Qd5 23. Qe2 Qh5 24. a4 $11) 17. axb4 Bxb5 18. bxa5 $6 {Karpov
was surely not very happy about the last few moves, but this simple capture
will only make matters worse.} (18. d5 $5 a4 (18... Bc4 19. Qc3 f6 20. dxe6
Bxe6 21. Qa3 $11) 19. Qa3 e5 $1 $17 (19... exd5 20. Rxd5 Bc6 21. Rd2 Qe8 $11))
18... Bc4 19. Qa3 (19. Qc3 $2 Be2 $1 $17) 19... bxa5 20. Qd6 (20. Bc3 Ra8 21.
e4 Qf6 22. Nd2 Bb5 $15) (20. Ra1 Qf6 21. Nd2 (21. Qxa5 Nc5 $3 22. dxc5 (22. Ne5
Nb3 23. Qa4 Nxa1 24. Nxc4 Ra8 25. Qd1 Rfc8 26. Nb6 Rc2 $19) 22... Qxb2 23. Nd2
Rxc5 24. Qa3 Qxa3 25. Rxa3 Bd3 26. Ra1 Rc2 $17) 21... Qg6 22. Rg1 Qh5 $15)
20... Bb5 21. d5 (21. Rd2 Qf6 22. Rg1 Rfd8 $17) 21... Rc2 {[%mdl 128] Black
already faced difficult choice between the two very attractive options both
promising huge advantage.} (21... Nc5 $5 22. Qg3 (22. Qxd8 Rfxd8 23. dxe6 Nd3+
24. Rxd3 Bxd3 25. exf7+ Kxf7 $19) 22... f6 23. Qg6 (23. Ba3 Nd3+ 24. Rxd3 Bxd3
25. Nd4 Qxd5 26. Bxf8 Kxf8 $19) (23. Nd4 Qxd5 24. Nxb5 Nd3+ 25. Rxd3 Qxd3 26.
Nd4 Rb8 $19) 23... a4 24. Bc3 Bc4 25. Bb4 exd5 26. Bxc5 Rxc5 $19) 22. Rd2 (22.
dxe6 Re2+ 23. Kf1 Rd2+ $19) (22. Ba3) 22... Qc8 23. Qa3 (23. dxe6 Rxb2 $1 24.
Rxb2 (24. exd7 $2 Qc1+ 25. Rd1 Re2+ $19) 24... Qc1+ 25. Qd1 Qxb2 26. exd7 Rd8
27. Nd4 Rxd7 28. Qb3 Qc1+ 29. Qd1 Qc4 $17) 23... Rxd2 24. Kxd2 (24. Nxd2 Nc5
25. Bc3 exd5 26. Qxa5 Nd3+ 27. Kf1 Qc6 $19) 24... Nb6 $1 25. Qc3 (25. Ne5 Nc4+
26. Nxc4 Qxc4 27. Qc3 Qxd5+ 28. Kc1 Qxg2 $19) 25... Nc4+ 26. Kc2 (26. Ke1 Nxb2
27. Qxb2 exd5 28. Nd4 Bc4 29. f3 Qb8 $19) 26... e5 27. Kb1 Qg4 $1 {Karpov's
king on b1 is a great target for the black pieces, on top of it white has
problems to finish his development.} 28. Rc1 (28. Rg1 Qe4+ 29. Ka1 (29. Qc2
Na3+ 30. Bxa3 Bd3 $19) 29... Rd8 30. Nd2 (30. Nxe5 Nxe5 31. Qxe5 Qa4+ 32. Kb1
Bd3+ $19) 30... Nxd2 31. Qxd2 Qa4+ 32. Kb1 Bc4 33. Qc2 Qb5 $19) (28. Nxe5 Nxe5
29. Qxe5 Bd3+ 30. Kc1 Rc8+ 31. Bc3 f6 32. Qe6+ Qxe6 33. dxe6 Rxc3+ 34. Kd2 Ra3
$19) 28... Rb8 29. Rc2 (29. Nxe5 Nxe5 30. Qxe5 Bd3+ $19) (29. Ka1 Ba6 30. Ba3
Qd7 31. Nxe5 Qa4 32. Nxc4 Rb3 $19) 29... f6 30. d6 (30. Ne1 Qd1+ 31. Ka2 Qxd5
$19) 30... Qxg2 31. Nd2 (31. Ne1 Qd5 32. Qd3 Qxd3 33. Nxd3 Nxe3 34. Rd2 Nc4 35.
Rc2 Na3+ 36. Bxa3 Bxd3+ $19) 31... Qh1+ 32. Ka2 Nxd6 33. Qc5 (33. Rc1 Qd5+ 34.
Ka1 Be2 $19) 33... Rc8 $1 {The fine final move completed the strategical
triumph for black, white is losing material.} (33... Rc8 $1 34. Rc1 (34. Qxd6
Rxc2 35. Qb8+ Kh7 36. Qxb5 Rxd2 $19) 34... Rxc5 35. Rxh1 Rc2 $19) 0-1

[Event "Jinan 3 Arrows Cup"]
[Site "Jinan"]
[Date "2003.09.19"]
[Round "3"]
[White "Zhao, Xue"]
[Black "Seirawan, Yasser"]
[Result "0-1"]
[WhiteElo "2467"]
[BlackElo "2626"]
[Annotator "Ftacnik,L"]
[PlyCount "42"]
[EventDate "2003.09.17"]
[EventType "schev"]
[EventRounds "4"]
[EventCountry "CHN"]
[SourceTitle "CBM 098"]
[Source "ChessBase"]
[SourceDate "2004.02.03"]
[SourceVersion "1"]
[SourceVersionDate "2004.02.03"]
[SourceQuality "1"]

1. d4 Nf6 2. c4 e6 3. Nf3 b6 4. a3 c6 5. Nc3 d5 6. Bg5 Be7 7. Bxf6 Bxf6 8. e4
O-O 9. Rc1 (9. e5 Be7 10. Qc2 h6 11. Bd3 dxc4 12. Bxc4 Qd7 13. O-O Ba6 $11)
9... dxe4 10. Nxe4 c5 $1 {Seirawan is not afraid to counter white's strategy
with immediate central action. Black king is already in safety, while white is
only waiting for his later turn.} 11. Bd3 (11. Nxf6+ Qxf6 12. Qe2 (12. Be2 Bb7
13. Rc2 Rd8 14. Rd2 cxd4 15. Rxd4 Nc6 $17) 12... Bb7 13. dxc5 Bxf3 14. Qxf3
Qxb2 15. Rd1 Na6 $17) 11... Bb7 (11... Bxd4 12. Nxd4 Qxd4 13. Ng5 (13. Qe2 Bb7
14. Rd1 Qe5 15. O-O Nd7 $15) 13... Qe5+ 14. Be4 f5 15. f4 Qxf4 16. Bxa8 Qe3+
17. Kf1 Qxg5 18. Rc2 Nd7 $15) 12. dxc5 Bxb2 13. Rb1 Bf6 (13... f5 $1 14. Nd6 (
14. Neg5 Bc3+ 15. Kf1 Re8 16. Bc2 Qf6 $17) 14... Bc3+ 15. Kf1 Bxf3 16. Qxf3 Nd7
$17) 14. O-O Nd7 15. cxb6 axb6 16. Nd6 $2 {[%mdl 8192] Zhao Xue is eager to
attack, but this knight jump is simply disasterous.} (16. Nxf6+ Nxf6 17. Be2
$11) 16... Bxf3 $1 17. gxf3 (17. Qxf3 Ne5 18. Qh3 g6 19. f4 Qxd6 20. fxe5 Bxe5
$19) 17... Be5 18. Ne4 (18. Nb5 Qg5+ 19. Kh1 Qf4 $19) 18... Rxa3 19. Qe2 (19.
Ng3 Nc5 20. Bc2 Qc7 $19) 19... Nc5 20. Nxc5 $2 {This last mistake only speeds
up the decision in black's favour.} (20. Bc2 Qc7 21. Nxc5 bxc5 22. Kg2 g6 $17)
20... Qg5+ 21. Kh1 Qf4 (21... Qf4 22. Bxh7+ Kxh7 23. Qxe5 Qxe5 24. Nd7 Qd6 25.
Nxf8+ Qxf8 $19) 0-1

[Event "La Roche sur Yon"]
[Site "La Roche sur Yon"]
[Date "2006.03.19"]
[Round "5"]
[White "Pelletier, Yannick"]
[Black "Sasikiran, Krishnan"]
[Result "0-1"]
[WhiteElo "2579"]
[BlackElo "2670"]
[Annotator "Ftacnik,L"]
[PlyCount "76"]
[EventDate "2006.03.15"]
[EventType "tourn"]
[EventRounds "9"]
[EventCountry "FRA"]
[EventCategory "12"]
[SourceTitle "CBM 112"]
[Source "ChessBase"]
[SourceDate "2006.06.07"]
[SourceVersion "1"]
[SourceVersionDate "2006.06.07"]
[SourceQuality "1"]

1. Nf3 Nf6 2. c4 b6 3. Nc3 Bb7 4. d4 e6 5. a3 d5 6. cxd5 Nxd5 7. e3 Nd7 8. Bd3
c5 9. e4 N5f6 10. O-O cxd4 11. Nxd4 a6 12. Qe2 {Black was not hiding the
ambition to control the dark squares and the diagonal b8-h2. Pelletier has a
development advantage and should try to capitalize on it.} (12. Bc2 Qc7 13. Qe2
Rc8 14. Rd1 Bd6 15. g3 O-O 16. f3 Rfd8 17. Be3 Qb8 18. Bb3 Nf8 19. Rac1 h6 20.
Qf2 N6d7 21. Ba2 Ne5 22. Nce2 b5 {0-1 Garcia Gonzales,G (2495)-Hort,V (2595)/
Bath 1983/ (83)}) 12... Qb8 13. Bc2 (13. f4 Bc5 14. Be3 e5 15. Nf5 O-O 16. g3 (
16. Kh1 Bxe3 17. Qxe3 exf4 18. Rxf4 Qe5 19. Raf1 $14) 16... Bxe3+ 17. Qxe3 Nc5
18. Bc2 $14) 13... b5 14. Kh1 (14. f4 $5 Bc5 15. Be3 Qa7 16. Rad1 O-O 17. b4
Bb6 18. e5 Nd5 19. Nxd5 Bxd5 20. Qd3 g6 21. Bb3 $14) (14. Be3 Ne5 15. f4 Nc4
$13) 14... h5 15. f4 h4 16. f5 $2 {The build up of the Sasikiran was quite
risky and with good play white had a chance to aspire for the advantage. The
advance of the f pawn is false, since black will fix the center for the own
benefit.} (16. Nf3 $1 Nh5 (16... h3 17. g3 Be7 18. Be3 $16) 17. Ng5 (17. Nxh4
$2 g5 $1 $17) 17... Bd6 (17... Qc7 18. Qg4 Be7 19. Qxh4 $16) 18. Qg4 $16) 16...
e5 17. Nb3 (17. Nf3 h3 18. g3 Bc5 $11) 17... Qc7 18. Bg5 (18. Be3 Rd8 19. Rac1
b4 20. axb4 Bxb4 $11) 18... Be7 19. Nd2 $6 {The first player is gradually
worsening his own chances, since the transfer of the knight from b3 is slow
and too passive.} (19. Qf3 Kf8 $13) 19... Nh5 20. Be3 (20. Bxe7 $2 Ng3+ $1 21.
hxg3 hxg3+ 22. Kg1 Qb6+ 23. Rf2 Qh6 $19) 20... Bc5 21. Rf3 (21. Nb3 Bxe3 22.
Qxe3 Rc8 23. Rac1 $11) 21... Rd8 (21... Bd4 22. Bf2 Ndf6 $15) 22. Nf1 Bxe3 23.
Nxe3 (23. Qxe3 Nf4 24. Rd1 Nf6 25. Rxd8+ Qxd8 $15) 23... Ndf6 24. Rd1 (24. Qe1
Nf4 25. Rc1 Rd4 $15) 24... Nf4 25. Qe1 (25. Rxd8+ Qxd8 26. Qe1 h3 $1 27. gxh3
Qd4 (27... Kf8 28. Ng4 Nxg4 29. hxg4 Qg5 30. Rg3) 28. Ng4 Nxh3 29. Nxf6+ gxf6
30. Qe3 Ng5 31. Rg3 Rh4 32. Qxd4 exd4 33. Nd5 Kf8 34. Nxf6 Nxe4 $17) 25... Rd4
$5 {[%mdl 32] The indian grandmaster is dominating the dark squares, but
excellently controls also the white part of the board.} 26. Ned5 (26. Rf1 Qb6
27. Ned5 Rxd1 28. Nxf6+ Qxf6 29. Qxd1 O-O 30. Qd7 Bc6 31. Qc7 Ba8 $15) 26...
N4xd5 27. exd5 (27. Rxd4 exd4 28. exd5+ (28. Nxd5 Qxc2 $19) 28... Kf8 $19)
27... Rxd1 (27... Kf8 28. Bb3 h3 $17) 28. Qxd1 (28. Bxd1 h3 29. Re3 hxg2+ 30.
Kxg2 Nxd5 31. Rxe5+ Kd8 (31... Ne7+ 32. Bf3 Bxf3+ 33. Kxf3 $15) 32. Nxd5 f6 $17
) 28... h3 29. Rg3 (29. g3 O-O 30. Bb3 Rd8 31. Rd3 e4 $1 32. Rd2 Qe5 $19) 29...
hxg2+ 30. Rxg2 (30. Kxg2 Nxd5 31. Nxd5 Bxd5+ 32. Qxd5 Qxc2+ 33. Kf3 Qxf5+ 34.
Kg2 O-O $19) 30... Kf8 31. Bb3 Qd7 32. Qf3 (32. Qd3 Rh5 $17) 32... Rh5 {
The white defense has fallen apart, the only chance lays in the counterplay
against the g7 square.} 33. Qg3 (33. Rf2 Bc8 34. Bc2 a5 $1 35. Qe3 Qd6 $17)
33... Qxf5 34. Qxg7+ Ke8 $6 (34... Ke7 35. Qg3 Ne4 $1 36. Qe1 (36. Nxe4 Qxe4
37. Qc3 Kd7 $17) 36... Nxc3 37. Qxc3 Qb1+ 38. Rg1 Qe4+ 39. Rg2 Kd7 $17) 35. Kg1
$2 {Pelletier is erring as the last last one, the imprecise retreat of the
black knight was offering the chance for the successful resistance.} (35. Qg3
Qf1+ (35... Ne4 36. Qg8+ Ke7 37. Nxe4 Qxe4 38. Qb8 $11) 36. Rg1 Qf4 37. Qxf4
exf4 38. Kg2 $15) 35... Qf4 $1 36. Qg3 Qc1+ 37. Nd1 (37. Kf2 Rf5+ 38. Ke2 Qxb2+
$19) 37... Bxd5 38. Qf2 (38. Re2 Kf8 39. Qe3 Qc8 $19) 38... Bxb3 0-1